Çevre ve sürdürülebilir kalkınma raporu (Record no. 9345)

MARC details
000 -BAŞLIK
Sabit Uzunlukta Kontrol Alanı 01439na a2200349 4500
001 - KONTROL NUMARASI
Denetim Alanı 22562
003 - KONTROL NUMARASI IDENTIFIER
Denetim Alanı MIRAKIL
005 - SON İŞLEM TARİHİ VE ZAMANI
Denetim Alanı 20181213155243.0
008 - SABİT-BOY VERİ ELEMANLARI - GENEL BİLGİLER
Sabit Uzunlukta Kontrol Alanı 170216b tu 000 0
040 ## - KATALOGLAMA KAYNAK
Orijinal Kataloglama Ajansı Milas
Kataloglama Dili tur
Metne Dönüştürmek Ajansı TR-AnCHP
041 ## - DİL KODU
Metin / Ses Parça Veya Ayrı Başlığın Dil Kodu tur
082 ## - DEWEY ONLU SINIFLANDIRMA NUMARASI
Sınıflandırma Numarası CHP 363.7
Ürün Numarası C36ç 1995/3
090 ## - SINIFLAMA NUMARASI
Sınıflama Numarası CHP 363.7 C36ç 1995/3
091 ## - MICROFILM RAF YER (AM) [OBSOLETE]
Mikrofilm Raf Yeri ÇEVRE - 2
110 ## - ANA GİRİŞ - KURUMSAL ADI
Giriş Elemanı Olarak Kurumsal Ad Veya Yargı Alanı Adı Cumhuriyet Halk Partisi (CHP)
Alt Birim Araştırma ve Proje Merkezi (APM)
222 ## - ANAHTAR ADI
Anahtar Başlık Çevre ve sürdürülebilir kalkınma raporları
245 ## - BAŞLIK TABLOSU
Başlık Çevre ve sürdürülebilir kalkınma raporu
Başlığın Kalan Mart 1995, Ankara
Sorumluluk Tablosu, Vb Cumhuriyet Halk Partisi Merkez Araştırma ve Proje Merkezi (CHP/APM)
246 ## - UNVAN FORM VARYING
Başlık Doğru / Kısa Başlığı Çevre raporu
260 ## - YAYIN, DAĞITIM, VB
Yayın, Dağıtım, Vb Yeri Ankara
Yayıncı, Dağıtıcı, Vs Adı CHP
Yayın, Dağıtım, Vb Tarihi Mart 1995
300 ## - FİZİKSEL TANIM
Kapsam 23 yaprak
Boyutlar 30 sm.
440 ## - SERİSİ TABLOSU / KATMA GİRİŞİ - BAŞLIK
Başlık Cumhuriyet Halk Partisi yayınları
Bir İşin Parçası / Bölümün İsmi Raporlar
490 ## - SERİSİ TABLOSU
Seri Beyanı Araştırma ve Proje Merkezi (APM)
500 ## - GENEL NOT
Genel Not Yerel numaradaki sayılar, raporların sunulduğu ayları temsil eder : Ocak -1 ; Şubat - 2 ; Mart - 3 ; Nisan - 4 ; Mayıs - 5; Haziran - 6 ; Temmuz - 7; Ağustos - 8; Eylül - 9; Ekim - 10; Kasım - 11 ; Aralık - 12.
610 ## - KONU KATMA GİRİŞ - TOPLANTI ADI
Giriş Elemanı Olarak Kurumsal Ad Veya Yargı Alanı Adı CHP
Genel Alt Bölüm Çevre politikaları
610 ## - KONU KATMA GİRİŞ - TOPLANTI ADI
Giriş Elemanı Olarak Kurumsal Ad Veya Yargı Alanı Adı CHP
Genel Alt Bölüm Çevre
Kronolojik Alt Bölüm Raporlar
650 ## - KONU KATMA GİRİŞ - TOPİKAL DÖNEM
Topikal Süreli Veya Coğrafi Ad Giriş Elemanı Çevre sorunları
Genel Alt Bölümü Raporlar
Coğrafi Alt Bölümü Türkiye
740 ## - KATMA GİRİŞ - KONTROLSUZ İLGİLİ / ANALİTİK BAŞLIK
Kontrol Edilmeyen / İlgili Analitik Başlıktaki CHP çevre ve sürdürülebilir kalkınma raporları
830 ## - SERİSİ EKLENDİ GİRİŞ - ÜNİFORM ADI
Üniforma Başlık CHP raporları
942 ## - EKLENDİ GİRİŞ ELEMANLARI (KOHA)
Sınıflandırma Veya Raf Düzeni Kaynak Dewey Decimal Classification
Koha Öğesi Türü Books
999 ## - SİSTEM KONTROL NUMARALARI (KOHA)
Koha Biblionumber 9345
Koha Biblioitemnumber 9345
657 ## - INDEX SÜRE - İŞLEVİ
-- CHP çevre raporu
Holdings
Kalıcı Konum Mevcut Konum Edinme Tarihi Edinim Kaynak Seri Numaralandırma / Kronolojik Toplam Check-Out'Lar Tam Çağrı Numarası Barkod Tarih Son Görülme İtibaren Geçerli Fiyatlar Koha Öğesi Türü
CHP Kütüphanesi CHP Kütüphanesi 02/16/2017 Bağış c.12   CHP 363.7 C36ç 1995/3 016588 02/16/2017 02/16/2017 Books